<?xml version="1.0" encoding="UTF-8"?>
<record
    xmlns:xsi="http://www.w3.org/2001/XMLSchema-instance"
    xsi:schemaLocation="http://www.loc.gov/MARC21/slim http://www.loc.gov/standards/marcxml/schema/MARC21slim.xsd"
    xmlns="http://www.loc.gov/MARC21/slim">

  <leader>01162nam0a2200301   4500</leader>
  <controlfield tag="001">RU\NLR\bibl\1210334</controlfield>
  <controlfield tag="005">20260405154708.0</controlfield>
  <datafield tag="010" ind1=" " ind2=" ">
    <subfield code="a">978-5-88570-106-7</subfield>
    <subfield code="9">300</subfield>
  </datafield>
  <datafield tag="021" ind1=" " ind2=" ">
    <subfield code="a">RU</subfield>
    <subfield code="b">2008-9276</subfield>
    <subfield code="9">519</subfield>
  </datafield>
  <datafield tag="035" ind1=" " ind2=" ">
    <subfield code="a">(NLR Aleph) 001196761</subfield>
  </datafield>
  <datafield tag="090" ind1=" " ind2=" ">
    <subfield code="a">1751793</subfield>
    <subfield code="c">1751793</subfield>
  </datafield>
  <datafield tag="100" ind1=" " ind2=" ">
    <subfield code="a">20080404d2007    |||y0rusy50      ca</subfield>
  </datafield>
  <datafield tag="101" ind1="1" ind2=" ">
    <subfield code="a">rus</subfield>
    <subfield code="c">eng</subfield>
  </datafield>
  <datafield tag="102" ind1=" " ind2=" ">
    <subfield code="a">RU</subfield>
  </datafield>
  <datafield tag="105" ind1=" " ind2=" ">
    <subfield code="a">a   |||||||||</subfield>
  </datafield>
  <datafield tag="200" ind1="1" ind2=" ">
    <subfield code="a">&#x421;&#x43A;&#x430;&#x437;&#x430;&#x43D;&#x438;&#x44F; &#x440;&#x435;&#x43A;&#x438; &#x427;&#x438;&#x442;&#x43E;&#x441;&#x44D;</subfield>
    <subfield code="e">&#x442;&#x440;&#x438;&#x434;&#x446;&#x430;&#x442;&#x44C; &#x438;&#x441;&#x442;&#x43E;&#x440;&#x438;&#x439; &#x421;&#x442;&#x440;&#x430;&#x43D;&#x44B; &#x410;&#x439;&#x43D;&#x43E;&#x432;</subfield>
    <subfield code="f">&#x413;&#x438;&#x437;&#x43E; &#x41E;&#x441;&#x430;&#x43C;&#x438;</subfield>
    <subfield code="g">&#x43F;&#x435;&#x440;. [&#x441; &#x430;&#x43D;&#x433;&#x43B;.] &#x41C;&#x430;&#x440;&#x438;&#x43D;&#x430; &#x41E;&#x441;&#x438;&#x43F;&#x43E;&#x432;&#x430;</subfield>
    <subfield code="g">&#x438;&#x43B;. &#x41A;&#x435;&#x439;&#x437;&#x430;&#x431;&#x443;&#x440;&#x43E; &#x422;&#x435;&#x439;&#x434;&#x436;&#x438;&#x43C;&#x430;</subfield>
  </datafield>
  <datafield tag="210" ind1=" " ind2=" ">
    <subfield code="a">&#x425;&#x430;&#x431;&#x430;&#x440;&#x43E;&#x432;&#x441;&#x43A;</subfield>
    <subfield code="c">&#x420;&#x418;&#x41E;&#x422;&#x418;&#x41F;</subfield>
    <subfield code="d">2007</subfield>
  </datafield>
  <datafield tag="215" ind1=" " ind2=" ">
    <subfield code="a">41, [1] &#x441;.</subfield>
    <subfield code="c">&#x438;&#x43B;.</subfield>
    <subfield code="d">21</subfield>
  </datafield>
  <datafield tag="606" ind1="1" ind2=" ">
    <subfield code="a">&#x41B;&#x435;&#x433;&#x435;&#x43D;&#x434;&#x44B; &#x438; &#x43F;&#x440;&#x435;&#x434;&#x430;&#x43D;&#x438;&#x44F; &#x430;&#x439;&#x43D;&#x441;&#x43A;&#x438;&#x435;</subfield>
    <subfield code="9">2528526</subfield>
    <subfield code="3">RU\NLR\auth\661497846</subfield>
  </datafield>
  <datafield tag="686" ind1=" " ind2=" ">
    <subfield code="a">&#x428;3(5)-615.20</subfield>
  </datafield>
  <datafield tag="700" ind1=" " ind2="1">
    <subfield code="4">070</subfield>
    <subfield code="8">rus</subfield>
    <subfield code="7">ca</subfield>
    <subfield code="a">&#x41E;&#x441;&#x430;&#x43C;&#x438;</subfield>
    <subfield code="b">&#x413;.</subfield>
    <subfield code="f">1908-1994</subfield>
    <subfield code="g">&#x413;&#x438;&#x437;&#x43E;</subfield>
    <subfield code="3">RU\NLR\auth\7765608</subfield>
    <subfield code="9">48537</subfield>
  </datafield>
  <datafield tag="702" ind1=" " ind2="1">
    <subfield code="a">&#x422;&#x435;&#x439;&#x434;&#x436;&#x438;&#x43C;</subfield>
    <subfield code="b">&#x41A;.</subfield>
    <subfield code="g">&#x41A;&#x435;&#x439;&#x437;&#x430;&#x431;&#x443;&#x440;&#x43E;</subfield>
    <subfield code="4">440</subfield>
  </datafield>
  <datafield tag="801" ind1=" " ind2="0">
    <subfield code="a">RU</subfield>
    <subfield code="b">NLR</subfield>
    <subfield code="c">20080404</subfield>
    <subfield code="g">RCR</subfield>
  </datafield>
  <datafield tag="801" ind1=" " ind2="1">
    <subfield code="a">RU</subfield>
    <subfield code="b">NLR</subfield>
    <subfield code="c">20080404</subfield>
  </datafield>
  <datafield tag="942" ind1=" " ind2=" ">
    <subfield code="c">BOOK</subfield>
  </datafield>
  <datafield tag="980" ind1=" " ind2=" ">
    <subfield code="a">NB</subfield>
  </datafield>
  <datafield tag="980" ind1=" " ind2=" ">
    <subfield code="a">NBR</subfield>
  </datafield>
  <datafield tag="995" ind1=" " ind2=" ">
    <subfield code="5">2008-04-04</subfield>
    <subfield code="a">ad</subfield>
    <subfield code="b">NLR01</subfield>
    <subfield code="c">NLR01</subfield>
    <subfield code="e">RF9</subfield>
    <subfield code="f">1-2121850</subfield>
    <subfield code="k">2008-4/6626</subfield>
    <subfield code="o">0</subfield>
    <subfield code="r">BOOK</subfield>
    <subfield code="s">200846626_</subfield>
  </datafield>
  <datafield tag="995" ind1=" " ind2=" ">
    <subfield code="5">2008-04-04</subfield>
    <subfield code="a">ad</subfield>
    <subfield code="b">NLR01</subfield>
    <subfield code="c">NLR01</subfield>
    <subfield code="e">RF9</subfield>
    <subfield code="f">2644530</subfield>
    <subfield code="k">2008-4/6626</subfield>
    <subfield code="o">0</subfield>
    <subfield code="r">BOOK</subfield>
    <subfield code="s">200846626_</subfield>
  </datafield>
</record>
